| 000 | 00897cab a2200265 4500 | ||
|---|---|---|---|
| 001 | ABS37600 | ||
| 008 | 090401t1987 xxu||||| |||| 00| 0 eng d | ||
| 035 | _a(Sirsi) u5479 | ||
| 041 | _aeng | ||
| 100 | _aFurlong, L.A.C. | ||
| 245 | _aFarming as a limited company | ||
| 260 | _c1987 | ||
| 350 | _a0 | ||
| 490 |
_aFarm Management _v6(5) Spring 1987, 213-220(5) |
||
| 520 | _aOutlines the advantages and disadvantages of trading in the form of private limited companies , instead of as individuals or partnerships in non-corporate form, summarising the commercial, administrative and taxation factors which need to be taken into account. | ||
| 650 | _aCAPITAL GAINS TAX | ||
| 650 | _aCORPORATION TAX | ||
| 650 | _aFARMING | ||
| 650 | _aINHERITANCE TAX | ||
| 650 | _aLIMITED LIABILITY | ||
| 650 | _aVALUE ADDED TAX | ||
| 690 | _aRURAL PRACTICE | ||
| 942 | _n0 | ||
| 948 | _c04/03/1997 | ||
| 999 |
_c3262 _d3262 |
||